000 00320nam a2200145Ia 4500
005 20251222154405.0
008 251222s9999||||xx |||||||||||||| ||spa||
020 _a8401322987
082 _a823/C75
100 _aCollins, Larry
245 0 _aLaberinto
250 _a1ra.ed.
264 _bPlaza & Janés
942 _cLIB
999 _c35458
_d35458